000 00506nmm a2200145Ia 4500
008 251105s9999||||xx |||||||||||||||||und||
041 _aspa
100 _aAponte, Efraín
245 0 _aMata e´Caña. Los Pérez de Arauca. Tercera Parte: Los Pérez de Guzmán
264 _a[Madrid, España] :
_bMedinaliber Hispánica,
_c[Fecha de publicación no identificada]
300 _a0 páginas
650 _aGraphic novels (Comics)
856 _uhttps://public.digitaliapublishing.com/a/119628
942 _cCF
999 _c101319
_d101319